Culture Générale - Série 2130 - Statistiques

Statistiques générales
  • Ce quiz a été pris 149 fois
  • Le résultat moyen est 5 sur 10
Statistiques - réponses
Question Réponse % Correct
Dans quel pays, autre que la France, le Doubs coule-t-il ? Suisse
93%
Selon le proverbe, quel plat se mange froid ? vengeance
93%
Dans quel Etat des Etats-Unis se trouve la ville de Santa Barbara ? Californie
87%
Sur quelle route Clint Eastwood et Meryl Streep se trouvent-ils ? Madison
66%
De qui est le fameux sketch : "Allô, tonton, pourquoi tu tousses ? " prénom et nom Fernand Raynaud
60%
Qui est Tootsie dans le film du même nom réalisé par Sydney Pollack en 1983 ? voir photo Dustin Hoffman
44%
Quel animal était Jacques Chirac dans le "Bébête Show" ? aigle
35%
Terme désignant les habitants d'un lieu, d'une région, d'une province, d'un pays, d'un continent, par référence au lieu où ils habitent gentilé
31%
Quel est le symbole chimique du tungstène ? W
19%
Dans quel département français se trouve la ville d'Albert ? Somme
17%
Aucun quiz correspondant
Distribution des résultats
% des personnes avec chaque résultat
Percentile par nombre de réponses
Votre historique - résultats
Vous n’avez pas pris ce quiz